Statistiche per Stazioni della Metropolitana di Roma

Clicka qui per fare il quiz!

Statistiche generali

  • Questo quiz è stato fatto 2.560 volte
  • Il punteggio medio è 33 su 73

Risposte nella Mappa

Le risposte nella mappa del quiz sottostante sono codificate secondo una scala di colori dal rosso al verde in base alla % di persone che hanno risposto correttamente.
 

Statistiche sulle risposte

LineaStazione% Corretto
B (Blue)Colosseo
89%
A (Orange) / B (Blue)Termini
86%
A (Orange)Spagna
71%
A (Orange)Anagnina
67%
B (Blue)Rebibbia
67%
B (Blue)Piramide
65%
B (Blue)Tiburtina
65%
A (Orange) / C (Green)San Giovanni
63%
A (Orange)Battistini
62%
A (Orange)Ottaviano
61%
B (Blue)Laurentina
60%
A (Orange)Repubblica
59%
B (Blue)Bologna
58%
A (Orange)Barberini
57%
A (Orange)Flaminio
57%
B (Blue)Circo Massimo
56%
B (Blue)Jonio
56%
A (Orange)Cinecittà
55%
B (Blue)Cavour
54%
B (Blue)EUR Magliana
53%
B (Blue)Garbatella
53%
B (Blue)Policlinico
53%
A (Orange)Lepanto
52%
A (Orange)Re di Roma
52%
B (Blue)Basilica San Paolo
51%
A (Orange)Cipro
51%
B (Blue)EUR Fermi
50%
B (Blue)EUR Palasport
49%
B (Blue)Castro Pretorio
48%
A (Orange)Vittorio Emanuele
47%
A (Orange)Manzoni
46%
A (Orange)Baldo degli Ubaldi
45%
B (Blue)Marconi
45%
B (Blue)Conca d'Oro
44%
B (Blue)Libia
44%
A (Orange)Cornelia
43%
C (Green)Parco di Centocelle
43%
B (Blue)Ponte Mammolo
43%
B (Blue)Sant'Agnese
- Annibaliano
43%
A (Orange)Valle Aurelia
43%
A (Orange)Numidio Quadrato
41%
A (Orange)Arco di Travertino
40%
A (Orange)Colli Albani
40%
A (Orange)Furio Camillo
40%
B (Blue)Monti Tiburtini
40%
A (Orange)Subaugusta
40%
A (Orange)Lucio Sestio
39%
A (Orange)Giulio Agricola
38%
C (Green)Pigneto
38%
A (Orange)Ponte Lungo
38%
C (Green)Lodi
37%
C (Green)Monte Compatri-Pantano
37%
B (Blue)Pietralata
37%
C (Green)Torre Maura
37%
A (Orange)Porta Furba
36%
C (Green)Finocchio
35%
B (Blue)Quintiliani
35%
B (Blue)Santa Maria
del Soccorso
35%
C (Green)Torre Angela
35%
C (Green)Giardinetti
34%
C (Green)Mirti
32%
C (Green)Torre Spaccata
31%
C (Green)Gardenie
30%
C (Green)Malatesta
30%
C (Green)Torre Gaia
30%
C (Green)Teano
29%
C (Green)Alessandrino
28%
C (Green)Borghesiana
27%
C (Green)Bolognetta
26%
C (Green)Due Leoni-Fontana Candida
26%
C (Green)Grotte Celoni
25%
C (Green)Torrenova
25%
C (Green)Graniti
24%

Distribuzione punteggi

Percentile per numero di risposta

Percentuale di utenti per punteggio

I tuoi punteggi nel tempo

Non hai fatto questo quiz